00700nam a2200217Ia 4500003000400000005001700004008004100021020001800062040001800080041000800098082002200106100002300128245009500151250001200246260006700258300002900325650003000354650003200384650003300416650003300449OSt20230714095430.0210716s2001 xx 000 0 und d a9788173661433 cAIMIT LIBRARY aeng a004.694 21bREYM aReynolds, Matthew. aBeginning e- commerce with visual basic asp sql server 7.0 and mts /cBy Matthew Reynolds. a1st ed. aMumbai :bShroff Publishers and Distributors Pvt Ltd ,c2001. axiii,777p. ;bPBc24 cm. aBuilding the object model aPresenting our online store aStructuring the online store aBuilding the product catalog